Les sacrements: signes de vie
Guardat en:
| Autor principal: | |
|---|---|
| Format: | Llibre |
| Idioma: | espanyol |
| Publicat: |
París
Du Cerf
1952
|
| Col·lecció: | <L'>esprit liturgique, 5
|
| Matèries: | |
| Etiquetes: |
Afegir etiqueta
Sense etiquetes, Sigues el primer a etiquetar aquest registre!
|
MARC
| LEADER | 00000nam a2200000 a 4500 | ||
|---|---|---|---|
| 001 | UCR2055 | ||
| 003 | CL-VaPUC | ||
| 008 | 980109e19520000FR |||||||||||||||||spa|d | ||
| 082 | 0 | 4 | |a 234.16 |b ROG |2 21 |
| 100 | 0 | |a Roguet, A. M |e author |9 399685 | |
| 245 | 1 | 4 | |a Les sacrements: signes de vie |
| 300 | |a 199 p | ||
| 942 | |c BK | ||
| 945 | |d 19980109 00:00:00 |a jquezada | ||
| 260 | |a París |b Du Cerf |c 1952 | ||
| 600 | 0 | |a Iglesia católica |9 255129 | |
| 650 | 0 | |a Sacramentos |9 257270 | |
| 650 | 0 | |a Bautismo |9 314393 | |
| 650 | 0 | |a Confirmación |9 255060 | |
| 650 | 0 | |a Eucaristía |9 257336 | |
| 650 | 0 | |a Penitencia |9 366153 | |
| 650 | 7 | |a ORDEN |2 CL-VaPUC |9 333177 | |
| 650 | 7 | |a MATRIMONIO |2 CL-VaPUC |9 399686 | |
| 650 | 0 | |a Espiritualidad |9 267331 | |
| 583 | |a last modification |c 19980109 00:00:00 |k Rodrigo Vera | ||
| 490 | 0 | |a <L'>esprit liturgique, 5 | |
| 999 | |c 265329 |d 265327 | ||
| 952 | |0 0 |1 2 |4 0 |6 234_160000000000000_ROG_1952 |7 0 |8 A |9 296210 |a BIBTEO |b BIBTEO |d 2019-11-20 |i 3383962 |o 234.16 ROG 1952 |p 3383962 |r 2019-11-20 |w 2019-11-20 |x Descarte 2019 |y BK |k ICR | ||